ბათუმის შოთა რუსთაველის სახელმწიფო უნივერსიტეტის ბიბლიოთეკა

Quantitative Methods in Tourism : (ბიბ.ჩანაწერი № 41116)

000 -LEADER
fixed length control field 00790nam a2200229Ia 4500
001 - CONTROL NUMBER
control field 7766
003 - CONTROL NUMBER IDENTIFIER
control field GE_BSU
005 - DATE AND TIME OF LATEST TRANSACTION
control field 20220708121504.0
008 - FIXED-LENGTH DATA ELEMENTS--GENERAL INFORMATION
fixed length control field 181216s2011en xx |||||||||||||| ||eng||
020 ## - INTERNATIONAL STANDARD BOOK NUMBER
International Standard Book Number 9781854411732
040 ## - CATALOGING SOURCE
Transcribing agency GE_BSU
080 ## - UNIVERSAL DECIMAL CLASSIFICATION NUMBER
Universal Decimal Classification number 338.48+910.01B-15
100 ## - MAIN ENTRY--PERSONAL NAME
Personal name Baggio, Rodolfo .
9 (RLIN) 14330
245 ## - TITLE STATEMENT
Title Quantitative Methods in Tourism :
Remainder of title a handbook /
Statement of responsibility, etc. Baggio, Rodolfo and Klobas, Jane.
264 ## - PRODUCTION, PUBLICATION, DISTRIBUTION, MANUFACTURE, AND COPYRIGHT NOTICE
Place of production, publication, distribution, manufacture Bristol :
Name of producer, publisher, distributor, manufacturer Channel View Publications,
Date of production, publication, distribution, manufacture, or copyright notice 2011.
300 ## - PHYSICAL DESCRIPTION
Extent 225 p. Ill. 24 cm.
653 ## - INDEX TERM--UNCONTROLLED
keyword Quantitative Methods in Tourism
653 ## - INDEX TERM--UNCONTROLLED
keyword რაოდენობრივი მეთოდები ტურიზმის სახელმძღვანელო
653 ## - INDEX TERM--UNCONTROLLED
keyword ტურიზმი
700 ## - ADDED ENTRY--PERSONAL NAME
Personal name Jane, Klobas
9 (RLIN) 14331
942 ## - ADDED ENTRY ELEMENTS (KOHA)
Koha item type წიგნი
Source of classification or shelving scheme
ეგზემპლარები
Withdrawn status Lost status Source of classification or shelving scheme Damaged status Not for loan Permanent Location Current Location Shelving location Date acquired Cost, normal purchase price Full call number Barcode Date last seen Copy number Price effective from Koha item type Public note
          ბათუმის შოთა რუსთაველის სახელმწიფო უნივერსიტეტის მთავარი ბიბლიოთეკა ბათუმის შოთა რუსთაველის სახელმწიფო უნივერსიტეტის მთავარი ბიბლიოთეკა წიგნსაცავი 2018-12-17 99.00 338.48+910.01 B-15 24153 2018-12-17 24153 2018-12-17 წიგნი 99 Gel.
          ბათუმის შოთა რუსთაველის სახელმწიფო უნივერსიტეტის მთავარი ბიბლიოთეკა ბათუმის შოთა რუსთაველის სახელმწიფო უნივერსიტეტის მთავარი ბიბლიოთეკა წიგნსაცავი 2018-12-17 99.00 338.48+910.01B-15 24154 2018-12-17 24154 2018-12-17 წიგნი 99 gel.
          ბათუმის შოთა რუსთაველის სახელმწიფო უნივერსიტეტის მთავარი ბიბლიოთეკა ბათუმის შოთა რუსთაველის სახელმწიფო უნივერსიტეტის მთავარი ბიბლიოთეკა წიგნსაცავი 2022-07-08 171.00 338.48+910.01 B-15 62963 2022-07-08 62963 2022-07-08 წიგნი 171gel.